Statistiques concernant X-Men par leurs vrais noms

Cliquez ici pour prendre le quiz!

Statistiques générales

  • Ce quiz a été pris 416 fois
  • Le résultat moyen est 13 sur 22

Statistiques - réponses

HintRéponse% Correct
Erik Magnus LensheerMagneto
93%
James Logan HowlettWolverine
93%
Scott SummersCyclope
92%
Charles XavierProfesseur X
91%
Ororo MunroeTornade
82%
Raven DarkholmeMystique
76%
Kurt WagnerDiablo
72%
Henry Mc CoyLe Fauve
71%
Pietro Django MaximoffQuickSilver
66%
Jean GreyPhoenix
63%
Anna MarieMalicia
59%
Warren Kenneth Worsington IIIAngel
54%
Piotr Nikolaievitch RasputineColossus
50%
Robert Louis DrakeIceberg
49%
Alexander SummersHavok
44%
Remy LebeauGambit
43%
Victor CreedDents De Sabre
36%
Sean CassidyLe Hurleur
34%
Katherine Anne PrideShadowcat
32%
Cain MarkoFleau
30%
Elizabeth BraddockPsylocke
26%
David Charles HallerLegion
16%

Distribution des résultats

Percentile par nombre de réponses

% des personnes avec chaque résultat

Votre développement - résultats

Vous n’avez pas pris ce quiz